| 000 | 00588cam a22002291 4500 | ||
|---|---|---|---|
| 001 | sa 68019780 | ||
| 003 | DLC | ||
| 005 | 20260227112720.0 | ||
| 008 | 950221s1967 ii 000 0 tamo | ||
| 010 | _asa 68019780 | ||
| 025 | _aPL480:I-T-2093 | ||
| 035 | _a(OCoLC)32029548 | ||
| 040 |
_aDLC _cCU _dCU _dDLC |
||
| 050 | 0 | 0 |
_aGR305 _b.C45 |
| 100 | 2 |
_aPārati, Cin̲n̲appa, _d1935- |
|
| 245 | 1 | 0 | _aTamil̲aka kirāmiyak kataikaḷ. |
| 260 | _c[1967] | ||
| 300 |
_avi, 95 p. _c18 cm. |
||
| 500 | _aIn Tamil. | ||
| 650 | 0 |
_aTamil (Indic people) _xFolklore. |
|
| 650 | 0 |
_aTales _zIndia. |
|
| 999 |
_c89073 _d89073 |
||